Communication Principle for A Life Time (Record no. 6880)

MARC details
005 - DATE AND TIME OF LATEST TRANSACTION
control field 20260429135344.0
020 ## - INTERNATIONAL STANDARD BOOK NUMBER
International Standard Book Number 9781292352015
100 ## - MAIN ENTRY--PERSONAL NAME
Author name BEEBE,S.A
245 ## - TITLE STATEMENT
Title Communication Principle for A Life Time
250 ## - EDITION STATEMENT
Edition statement 8th.Ed
260 ## - PUBLICATION, DISTRIBUTION, ETC.
Place of publication, distribution, etc. London
Name of publisher, distributor, etc. PEARSON EDUCATION LIMITED
Date of publication, distribution, etc. 2022
300 ## - PHYSICAL DESCRIPTION
Extent 464p;ill;table,pictures
Other physical details Index
Dimensions 27cm
700 ## - ADDED ENTRY--PERSONAL NAME
Other authors/Editors BEEBE,S.J, IVY,D.K
942 ## - ADDED ENTRY ELEMENTS (KOHA)
Source of classification or shelving scheme Dewey Decimal Classification
Koha item type Books
Holdings
Date last seen Total checkouts Full call number Barcode Cost, replacement price Price effective from Koha item type Lost status Source of classification or shelving scheme Damaged status Not for loan Withdrawn status Home library Current library Shelving location Date acquired Source of acquisition Cost, normal purchase price
04/29/2026   428.3 BEE MBY0001203 486795.00 04/27/2026 Books   Dewey Decimal Classification       CBE MBEYA CBE MBEYA Special Reserve Collection 04/27/2026 PURCHASE 162265.00
04/29/2026   428.3 BEE MBY0001204 486795.00 04/27/2026 Books   Dewey Decimal Classification       CBE MBEYA CBE MBEYA General Collection 04/27/2026 PURCHASE 162265.00
04/29/2026   428.3 BEE MBY0001205 486795.00 04/27/2026 Books   Dewey Decimal Classification       CBE MBEYA CBE MBEYA General Collection 04/27/2026 PURCHASE 162265.00